000 00647cab a2200193 4500
001 WB2246-50
008 090401t1986 xxu||||| |||| 00| 0 eng d
035 _a(Sirsi) u34505
041 _aeng
245 _aQuantity Surveyors workload
260 _c1986
350 _a0
490 _aRICS News Service
_vPR32/86-87 19 November 1986 2 pages
520 _aNotes two shifts in workload trends for the third quarter 1986. There is significant increase in the public sector, particularly housing and a fall in private industrial sector.
650 _aWORKLOAD SURVEY
690 _aQuantity surveying
_96263
942 _n0
948 _c04/03/1997
999 _c22846
_d22846